00294pab a2200133 454500008004000000100001700040245002300057260000900080300001300089362000800102650001600110650002300126773001100149180718b2002 xxu||||| |||| 00| 0 eng d aThomas, E.C. aFDI in print media c2002 ap.43-46. aNov aPrint media aForeign investment aYojana